<?xml version='1.0' encoding='UTF-8'?>
  <record xmlns="http://www.loc.gov/MARC21/slim">
    <leader>00000cam a22000007i 4500</leader>
    <controlfield tag="001">ocm69238942</controlfield>
    <controlfield tag="003">OCoLC</controlfield>
    <controlfield tag="005">20250925145928.3</controlfield>
    <controlfield tag="008">950124s1717    ne            000 0 dut d</controlfield>
    <datafield tag="040" ind1=" " ind2=" ">
      <subfield code="a">NLGGC</subfield>
      <subfield code="b">dut</subfield>
      <subfield code="e">fobidrtb</subfield>
      <subfield code="c">NLGGC</subfield>
      <subfield code="d">L2U</subfield>
      <subfield code="d">OCLCO</subfield>
      <subfield code="d">OCLCL</subfield>
      <subfield code="d">OCLCQ</subfield>
    </datafield>
    <datafield tag="029" ind1="0" ind2=" ">
      <subfield code="a">NLGGC</subfield>
      <subfield code="b">126611718</subfield>
    </datafield>
    <datafield tag="035" ind1=" " ind2=" ">
      <subfield code="a">(OCoLC)69238942</subfield>
    </datafield>
    <datafield tag="041" ind1="1" ind2=" ">
      <subfield code="a">dut</subfield>
      <subfield code="h">lat</subfield>
    </datafield>
    <datafield tag="100" ind1="1" ind2=" ">
      <subfield code="a">Dekkers, Frederik,</subfield>
      <subfield code="c">medicus,</subfield>
      <subfield code="d">1644-1720.</subfield>
      <subfield code="1">https://id.oclc.org/worldcat/entity/E39PCjwxcpfGFXhPBfRKvfk9H3</subfield>
    </datafield>
    <datafield tag="245" ind1="1" ind2="0">
      <subfield code="a">Genees-konstige, of werk-stellige oeffeningen, omtrent de manier van geneesinge, opgehelderd met bewysen uit verscheide schryvers, reedeneeringen, en veele waarneemingen, soo de genees- als de heel-konst raakende. :</subfield>
      <subfield code="b">Voorsien met een volkoomen bladwyser, soo der saaken, gevallen, als genees-middelen. /</subfield>
      <subfield code="c">In 't Latyn beschreeven door ... Frederik Dekkers ... ; Uit het Latyn vertaald. ; En met koopere konst-plaaten vercierd.</subfield>
    </datafield>
    <datafield tag="246" ind1="3" ind2=" ">
      <subfield code="a">Genees-konstige oeffeningen, handelende voornaamentlyk van de clysteeren, set-pillen, sweet en waater-dryvende middelen</subfield>
    </datafield>
    <datafield tag="246" ind1="3" ind2=" ">
      <subfield code="a">Genees-konstige oeffeningen</subfield>
    </datafield>
    <datafield tag="260" ind1=" " ind2=" ">
      <subfield code="a">Te Leiden :</subfield>
      <subfield code="b">by Johannes du Vivie,</subfield>
      <subfield code="c">1717.</subfield>
    </datafield>
    <datafield tag="300" ind1=" " ind2=" ">
      <subfield code="a">[19], 851, [27] p. :</subfield>
      <subfield code="b">ill., portr. ;</subfield>
      <subfield code="c">in-4.</subfield>
    </datafield>
    <datafield tag="336" ind1=" " ind2=" ">
      <subfield code="a">tekst</subfield>
      <subfield code="b">txt</subfield>
      <subfield code="2">rdacontent/dut</subfield>
    </datafield>
    <datafield tag="337" ind1=" " ind2=" ">
      <subfield code="a">zonder medium</subfield>
      <subfield code="b">n</subfield>
      <subfield code="2">rdamedia/dut</subfield>
    </datafield>
    <datafield tag="338" ind1=" " ind2=" ">
      <subfield code="a">band</subfield>
      <subfield code="b">nc</subfield>
      <subfield code="2">rdacarrier/dut</subfield>
    </datafield>
    <datafield tag="500" ind1=" " ind2=" ">
      <subfield code="a">Titel op titelprent: Genees-konstige oeffeningen.</subfield>
    </datafield>
    <datafield tag="530" ind1=" " ind2=" ">
      <subfield code="a">Titel is geselecteerd voor digitalisering voor de Universiteit van Amsterdam in het kader van het Google Books-project.</subfield>
    </datafield>
    <datafield tag="505" ind1="0" ind2=" ">
      <subfield code="a">Bevat van p. [425]-851, met afz. titelbl., het Tweede deel: Genees-konstige oeffeningen, handelende voornaamentlyk van de clysteeren, set-pillen, sweet en waater-dryvende middelen .... -- 1718.</subfield>
    </datafield>
    <datafield tag="710" ind1="0" ind2=" ">
      <subfield code="a">Du Vivié, Johannes (Leiden)</subfield>
      <subfield code="4">prt</subfield>
      <subfield code="0">(NL-LeOCL)077143361</subfield>
    </datafield>
    <datafield tag="776" ind1="0" ind2=" ">
      <subfield code="t">Genees-konstige, of werk-stellige oeffeningen, omtrent de manier van geneesinge, opgehelderd met bewysen uit verscheide schryvers, reedeneeringen, en veele waarneemingen, soo de genees- als de heel-konst raakende.</subfield>
      <subfield code="w">(NL-LeOCL)407024611</subfield>
    </datafield>
    <datafield tag="936" ind1=" " ind2=" ">
      <subfield code="a">BATCHLOAD</subfield>
    </datafield>
  </record>